اساس البلاغة : (Record no. 59514)
[ view plain ]
| 000 -الفاتح | |
|---|---|
| حقل البيانات ثابتة الطول | 00863nam a2200193Ia 4500 |
| 008 - عناصر البيانات ثابتة الطول - معلومات عامة | |
| حقل البيانات ثابتة الطول | 140319s9999 xx 000 0 ara d |
| 040 ## - مصدر الفهرسة | |
| وكالة الفهرسة الأصلية | GCL / |
| وكالة النسخ | GCL |
| 082 04 - رقم تصنيف ديوى العشرى | |
| رقم التصنيف | م |
| رقم المادة | 414 |
| -- | ز ا |
| 100 1# - المدخل الرئيسى - إسم شخصى | |
| الإسم الشخصى | الزمخشرى: جارالله ابوالقاسم محمود بن عمر بن محمد بن احمد الخورازمى |
| 245 10 - بيان العنوان | |
| العنوان | اساس البلاغة : |
| بقية العنوان | (الجزء الاول والثانى) / |
| بيان المسئوليه,etc | الزمخشرى: جارالله ابوالقاسم محمود بن عمر بن محمد بن احمد الخورازمى |
| 260 ## - PUBLICATION, DISTRIBUTION, ETC. (IMPRINT) | |
| تاريخ النشر أو التوزيع | 1985 |
| 300 ## - الوصف المادى | |
| التعداد | 2 جزء ؛ |
| أبعاد الوعاء | 24 سم |
| 490 ## - بيان السلسلة | |
| عنوان السلسلة | فنون الادب العربى |
| رقم المجلد/ التعيين التسلسلي | 0 |
| 650 04 - المدخل الاضافى بالموضوع-مصطلح موضوعى | |
| مصطلح موضوعي | اللغة العربية |
| 650 04 - المدخل الاضافى بالموضوع-مصطلح موضوعى | |
| مصطلح موضوعي | البلاغة العربية |
| 650 04 - المدخل الاضافى بالموضوع-مصطلح موضوعى | |
| مصطلح موضوعي | المعاجم |
| 942 ## - عناصر المدخل الإضافي( كوها) | |
| مصدر التصنيف او مخطط الترفيف | Dewey Decimal Classification |
| Koha [default] item type | المراجع |
| 260 ## - PUBLICATION, DISTRIBUTION, ETC. (IMPRINT) | |
| -- | القاهرة : |
| -- | الهيئة المصرية العامة للكتاب ، |
| حالة التراجع | حالة الفقد | حالة تلف | ليس للاعارة | المكان المؤقت | الموقع الحالى | تاريخ الاكتساب | اجمالي اﻻعارات | رقم الطلب | الباركود | تاريخ اخر مشاهدة | تاريخ تفعيل السعر | نوع وعاء كوها |
|---|---|---|---|---|---|---|---|---|---|---|---|---|
| مكتبة القاهرة الكبرى | مكتبة القاهرة الكبرى | 03/26/2014 | م\414\ز ا | 156130 | 03/26/2014 | 03/26/2014 | المراجع | |||||
| مكتبة القاهرة الكبرى | مكتبة القاهرة الكبرى | 03/26/2014 | م\414\ز ا | 156131 | 03/26/2014 | 03/26/2014 | المراجع | |||||
| مكتبة القاهرة الكبرى | مكتبة القاهرة الكبرى | 03/26/2014 | م\414\ز ا | 156132 | 03/26/2014 | 03/26/2014 | المراجع | |||||
| مكتبة القاهرة الكبرى | مكتبة القاهرة الكبرى | 03/26/2014 | م\414\ز ا | 156133 | 03/26/2014 | 03/26/2014 | المراجع | |||||
| مكتبة القاهرة الكبرى | مكتبة القاهرة الكبرى | 03/26/2014 | م\414\ز ا | 156134 | 03/26/2014 | 03/26/2014 | المراجع |

